00273 a2200121 4500001000700000020001800007040001100025100002300036240004000059245003500099300000800134362000900142187886 a85-342-2062-X cMagnum aLago, Samuel Ramos10aBiologia para o ensino médiolpor10aBiologia para o ensino médio a3440 a2006